Alternatívne školy z pohľadu učiteľa : Záverečná práca

Gespeichert in:
Bibliographische Detailangaben
1. Verfasser: Mikulová, Ľubica (Verfasst von)
Format: Manuskript Buch
Sprache:Slowakisch
Veröffentlicht: Trnava : STU v Bratislave MtF KIPP, 2004
Schlagworte:
Tags: Tag hinzufügen
Keine Tags, Fügen Sie das erste Tag hinzu!

MARC

LEADER 00000ntm a22000003a 4500
001 stu115179
005 20160719155358.4
008 060327s2004----xo------------------slo-d
040 |a STU  |b slo 
041 0 |a slo 
044 |a xo 
100 1 |a Mikulová, Ľubica  |4 aut 
245 1 |a Alternatívne školy z pohľadu učiteľa :  |b Záverečná práca 
260 |a Trnava :  |b STU v Bratislave MtF KIPP,  |c 2004 
300 |a 48 s 
650 7 |a inžinierska pedagogika  |2 stusub 
650 7 |a alternatívne školy  |2 stusub 
700 1 |a Vašková, Ľubica  |4 csl  |u M220  |U MTF Ústav inžinierskej pedagogiky a humatitných vied  |T MTF Katedra inžinierskej pedagogiky a psychológie  |U M220  |Y M220 
996 |b 284M072643  |c M*ZP-319  |l MMSKP  |s P  |a 0  |w stu115179_0001